000 00206nam a22000857a 4500
008 170127b xxu||||| |||| 00| 0 eng d
100 _92597
_aGupta.S.C.
245 _aPhysics-XI
260 _aNew Delhi
_bSrijan
_c2011
999 _c5734
_d5734